| 000 | 00788 a2200229 4500 | ||
|---|---|---|---|
| 003 | Nust | ||
| 005 | 20170207154055.0 | ||
| 010 | _a 2009028779 | ||
| 020 | _a0470529598 (cloth) | ||
| 020 | _a9780470529591 (cloth) | ||
| 035 | _a(OCoLC)ocn317456844 | ||
| 040 | _cNust | ||
| 082 | 0 | 0 | _a330.973 |
| 100 | 1 | _aNomi Prins. | |
| 245 | 1 | 0 |
_aIt takes a pillage : _bbehind the bailouts, bonuses, and backroom deals from Washington to Wall Street (E-BOOK) _cNomi Prins. |
| 260 |
_aHoboken, N.J. : _bWiley, _cc2009. |
||
| 300 |
_aviii, 296 p. ; _c25 cm. |
||
| 650 | 0 | _aBailouts (Government policy) | |
| 650 | 0 |
_aFinancial crises _zUnited States _xHistory _y21st century. |
|
| 650 | 0 |
_aIntervention (Federal government) _zUnited States _xHistory _y21st century. |
|
| 651 | 0 |
_aE-BOOK _xHistory _y21st century. |
|
| 942 |
_2ddc _cBK |
||
| 999 |
_c193322 _d193322 |
||